| 000 | 01048nam0a22002771 4500 | ||
|---|---|---|---|
| 001 | rc\3596445 | ||
| 005 | 20130115142704.5 | ||
| 021 |
_aRU _b[71-97350] |
||
| 035 | _a(NLR Aleph) 007679479 | ||
| 090 |
_a6522223 _c6522223 |
||
| 100 | _a20130115d1971 |||y0rusy50 ca | ||
| 101 | 0 | _arus | |
| 102 | _aRU | ||
| 105 | _aac z ||||| | ||
| 200 | 1 |
_aПроблемы физической гидродинамики _e[Сборник статей] _fПод ред. акад. А.В. Лыкова _gИн-т тепло- и массообмена АН БССР |
|
| 210 |
_aМинск _cБ. и. _d1971 |
||
| 215 |
_a309 с., 1 л. портр. _cил. _d20 |
||
| 320 | _aСписки лит. в конце статей | ||
| 606 |
_aГидродинамика _jСборники _2psbo |
||
| 702 | 1 |
_aЛыков _bА. В. _gАлексей Васильевич _4340 |
|
| 712 | 0 | 2 | _aИнститут тепло- и массообмена (Минск) |
| 801 | 0 |
_aRU _bNLR _gpsbo |
|
| 801 | 1 |
_aRU _bELAR _2rusmarc |
|
| 852 |
_aNLR _j72-3/1143 |
||
| 942 | _cBOOK | ||
| 980 | _aNB | ||